000 01196cab a2200289 4500
001 ABS50453
008 090401t1994 xxu||||| |||| 00| 0 eng d
035 _a(Sirsi) u75825
041 _aeng
100 _aGlasson, J.
245 _aEIA - only the tip of the iceberg?
260 _c1994
350 _a0
490 _aTown & Country Planning
_v63(2) February 1994, 42-4(4)
520 _aFor the good of environmental impact assessment the author argues for six changes: clarification of which projects have EIAs, the widening of the scope of environment, tightening up methodological content, greater access to the EIA process by affected parties, extension of the environmental management over the life of the project and commitment to Strategic Environmental Assessment (SEA).
650 _aDEFINITION
650 _aENVIRONMENTAL ASSESSMENT AUTHORITY
650 _aENVIRONMENTAL IMPACT ASSESSMENTS
650 _aMETHODOLOGY
650 _aPPG12
650 _aSOCIO-ECONOMIC IMPACT ASSESSMENTS
650 _aSTRATEGIC ENVIRONMENTAL ASSESSMENT
690 _aPROPERTY-PROPERTY DEVELOPMENT
690 _aENVIRONMENTAL AND LAND CONSULTANCY
942 _n0
948 _c04/03/1997
999 _c47700
_d47700